000 00241nam a2200097Ia 4500
008 220204s9999 xx 000 0 und d
082 _a82-36
_bCLA.27
245 2 _aA Treasury of Indian illustrated classics. V 27
260 _bIBH
942 _cBK
999 _c37604
_d37604